LDR 01061naa#a2200169#i#450# 001 RU\\bibl\121631 005 20260604141418.4 011 ## _a1998-6785 100 ## _a20221221b2022####ek#y0rusy0150####ca 102 ## _aRU 200 1# _aНаправления развития экономики Китая после пандемии COVID-19 _eЖурнальная статья 210 1# _aВладивосток _cФедеральное государственное бюджетное образовательное учреждение высшего образования "Владивостокский государственный университет" _d2022 215 ## _a12 с. 608 ## _aЖурнальная статья _2local 675 ## _aМеждународная, национальная и многонациональная экономическая политика. Планирование, планы, управление экономикой. 339.97 _z 700 #1 _aИзотов _gДмитрий Александрович 856 4# _aojkum.editorum.ru _u